[Event "Hyderabad U1500 op 3rd"]
[Site "Hyderabad"]
[Date "2018.12.10"]
[Round "8.2"]
[White "Nagasri, Saikanth"]
[Black "Bhavthankar, Rohit"]
[Result "1-0"]
[WhiteElo "1386"]
[BlackElo "1395"]
[PlyCount "69"]
[EventDate "2018.12.08"]
[EventType "swiss"]
[EventRounds "9"]
[EventCountry "IND"]
[SourceTitle "EXT 2024"]
[Source "ChessBase"]
[SourceDate "2023.10.10"]
[SourceVersion "1"]
[SourceVersionDate "2023.10.10"]
[SourceQuality "1"]

1. d4 Nf6 2. Bf4 e6 3. e3 Bb4+ 4. c3 Be7 5. Bd3 b6 6. Nd2 Bb7 7. e4 Nc6 8. Ngf3 Nh5 9. Be3 d5 10. e5 g6 11. 0-0 f6 12. exf6 Nxf6 13. Qe2 Qd7 14. Rfe1 Bd8 15. Bg5 Bc8 16. Bb5 Qd6 17. Ne5 Bd7 18. Nxc6 0-0 19. Nxd8 Raxd8 20. Bxd7 Qxd7 21. Qxe6+ Qf7 22. Bxf6 Rd6 23. Qxf7+ Kxf7 24. Be7 Rd7 25. Bxf8 Kxf8 26. Re5 Kg7 27. Rae1 Kh6 28. h4 c5 29. g4 c4 30. f3 b5 31. Re7 Rxe7 32. Rxe7 g5 33. h5 a5 34. Nf1 b4 35. Ng3 1-0

[Event "Hyderabad U1500 op 3rd"]
[Site "Hyderabad"]
[Date "2018.12.10"]
[Round "7.7"]
[White "Syam Sudhakar Rao, R."]
[Black "Bhavthankar, Rohit"]
[Result "0-1"]
[WhiteElo "1362"]
[BlackElo "1395"]
[PlyCount "117"]
[EventDate "2018.12.08"]
[EventType "swiss"]
[EventRounds "9"]
[EventCountry "IND"]
[SourceTitle "EXT 2024"]
[Source "ChessBase"]
[SourceDate "2023.10.10"]
[SourceVersion "1"]
[SourceVersionDate "2023.10.10"]
[SourceQuality "1"]

1. e4 c5 2. Nf3 d6 3. d4 cxd4 4. Nxd4 Nf6 5. Nc3 a6 6. a4 e5 7. Nb3 Be6 8. Bg5 Be7 9. Bxf6 Bxf6 10. Nd5 Nd7 11. Be2 Rc8 12. c3 h6 13. 0-0 Be7 14. Nxe7 Qxe7 15. Nd2 d5 16. f4 exf4 17. exd5 Bxd5 18. Bf3 Bxf3 19. Nxf3 0-0 20. Nd4 Qe3+ 21. Kh1 Rcd8 22. Qc2 Rfe8 23. Rf3 Qe1+ 24. Rf1 Qe4 25. Qf2 Qe3 26. Qxf4 Qxf4 27. Rxf4 Nc5 28. b3 Ne6 29. Nxe6 Rxe6 30. Raf1 f6 31. Kg1 Kf7 32. Rc4 Rd7 33. b4 Rc6 34. Rxc6 bxc6 35. Rf3 Rd2 36. Re3 Ra2 37. a5 Rb2 38. h4 c5 39. Re4 cxb4 40. cxb4 g5 41. hxg5 hxg5 42. Kh2 f5 43. Rc4 g4 44. Kg3 Kg6 45. Rc6+ Kg5 46. Rxa6 f4+ 47. Kh2 g3+ 48. Kh3 Rb1 49. Rg6+ Kxg6 50. Kg4 Rxb4 51. a6 Ra4 52. a7 Rxa7 53. Kxf4 Ra3 54. Kg4 Ra4+ 55. Kxg3 Kf5 56. Kh3 Kg5 57. Kg3 Ra3+ 58. Kf2 Kf6 59. g4 0-1